000 00195 a2200097 4500
020 _a9789962558606
041 _aspa
100 _aRamon Fonseca Mora
245 _aSoà¨r con la ciudad
942 _cK
999 _c26785
_d26785